| 000 -LEADER |
| fixed length control field |
01218nam a22001457a 4500 |
| 008 - FIXED-LENGTH DATA ELEMENTS--GENERAL INFORMATION |
| fixed length control field |
210710b ||||| |||| 00| 0 eng d |
| 100 ## - MAIN ENTRY--PERSONAL NAME |
| Personal name |
Deryugina, Tatyana and Molitor, David |
| 245 ## - TITLE STATEMENT |
| Title |
Does when you die depend on where you live: Evidence from hurricane Katrina |
| 260 ## - PUBLICATION, DISTRIBUTION, ETC. (IMPRINT) |
| Place of publication, distribution, etc |
The American Economic Review 1 |
| 300 ## - PHYSICAL DESCRIPTION |
| Extent |
10(11), Nov, 2020: p.3602-3633 |
| 520 ## - SUMMARY, ETC. |
| Summary, etc |
We follow Medicare cohorts to estimate Hurricane Katrina's long-run mortality effects on victims initially living in New Orleans. Including the initial shock, the hurricane improved eight-year survival by 2.07 percentage points. Migration to lower-mortality regions explains most of this survival increase. Those migrating to low-versus high-mortality regions look similar at baseline, but their subsequent mortality is 0.83–1.01 percentage points lower per percentage point reduction in local mortality, quantifying causal effects of place on mortality among this population. Migrants' mortality is also lower in destinations with healthier behaviors and higher incomes but is unrelated to local medical spending and quality. - Reproduced |
| 773 ## - HOST ITEM ENTRY |
| Main entry heading |
The American Economic Review |
| 906 ## - LOCAL DATA ELEMENT F, LDF (RLIN) |
| Subject DIP |
DISASTER MANAGEMENT |
| 942 ## - ADDED ENTRY ELEMENTS (KOHA) |
| Item type |
Articles |